| 000 | 00767nam a2200229 a 4500 | ||
|---|---|---|---|
| 001 | 000002419 | ||
| 005 | 20200929150208.0 | ||
| 008 | 090702s2004 sp acd 000 0 spa d | ||
| 020 | _a8493350400 | ||
| 040 |
_aDO-SdBNP _bspa _cBNPHU |
||
| 082 |
_axxx _bC357b |
||
| 100 | 1 |
_aCátedra, Pedro M. _97669 |
|
| 245 | 1 | 0 |
_aBibliotecas y lecturas de mujeres : _bsiglo XVI / _cPedro M. Cátedra, Anastasio Rojo. |
| 260 |
_aMadrid, : _bInstituto de Historia del Libro y de la Lectura, _c2004. |
||
| 300 |
_a461 p. : _bil., retrs., diagramas ; _c24 cm. |
||
| 490 | 0 | _aMaior | |
| 500 | _aIncluye índice. | ||
| 500 | _aIncluye notas a pie de páginas. | ||
| 504 | _aIncluye referencias bibliográficas (407-429 p.) | ||
| 700 | 1 |
_aRojo, Anastasio _97670 |
|
| 830 | 0 |
_aMaior _97671 |
|
| 999 |
_c2255 _d2255 |
||